| 000 | 01141nam a22002894a 4500 | ||
|---|---|---|---|
| 001 | ebr10114070 | ||
| 003 | CaPaEBR | ||
| 006 | m u | ||
| 007 | cr cn||||||||| | ||
| 008 | 040227s2004 njua sbd 000 0 eng | ||
| 010 | _z 2004045641 | ||
| 020 | _z0471200212 (pbk.) | ||
| 040 |
_aCaPaEBR _cCaPaEBR |
||
| 035 | _a(OCoLC)614841241 | ||
| 050 | 1 | 4 |
_aQD79.C4 _bS33 2004eb |
| 082 | 0 | 4 |
_a543/.8/03 _222 |
| 100 | 1 | _aSadek, Paul Charles. | |
| 245 | 1 | 0 |
_aIllustrated pocket dictionary of chromatography _h[electronic resource] / _cPaul C. Sadek. |
| 260 |
_aHoboken, N.J. : _bWiley-Interscience, _cc2004. |
||
| 300 |
_aviii, 227 p. : _bill. |
||
| 504 | _aIncludes bibliographical references (p. 225-227). | ||
| 533 |
_aElectronic reproduction. _bPalo Alto, Calif. : _cebrary, _d2013. _nAvailable via World Wide Web. _nAccess may be limited to ebrary affiliated libraries. |
||
| 650 | 0 |
_aChromatographic analysis _vDictionaries. |
|
| 655 | 7 |
_aElectronic books. _2local |
|
| 710 | 2 | _aebrary, Inc. | |
| 856 | 4 | 0 |
_uhttp://site.ebrary.com/lib/rucke/Doc?id=10114070 _zAn electronic book accessible through the World Wide Web; click to view |
| 999 |
_c105617 _d105617 |
||